1951 1227 1354 1943 1421 1570 1877 1622 1568 1438 1627 1623 1914 1120 1968 1676 1574 1957 1778 1302 1042 1301 1382 1986 1634 1427 1429 1477 1374 1362 1612 1259 1940 1115 1114 1917 1290 1076 1141 1622 1486 1037 1098 1257 1112 1814 1658 1912 1289 1315 1445 1561 1451 1406 1700 1368 1076 1100 1920 1648 1978 1757 1535 1232 1696 1228 1780 1876 1427 1823 1309 1313 1596 1560 1771 1547 1669 1384 1974 1028 1164 1811 1046 1175 1968 1601 1189 1662 1327 1300 1429 1848 1152 1302 1848 1796 1587 1958 1292 BCNSPRNW ULIB Ver.6.0+V

เปลี่ยนเป็นภาษาไทย

Change to English
 แสดงรายละเอียดบรรณานุกรม
  กลับหน้าหลัก

Brief Record : Get Marc (ISO 2709) : E-mail record : QR code < ปิดหน้าต่าง
LEADER : 00000nam 2200000uu 4500
001    13399114473
003     ULIB
008    120404s2552||||th 000 0 tha d
020    ^a9786165000024
090    ^aนว.^bย236ส 2552
100 0  ^aยาใจ
245 00 ^aสื่อรักมัดหัวใจ/^cยาใจ
250    ^aพิมพ์ครั้งที่ 1
260    ^aกรุงเทพฯ :^bพิมพ์คำ,^c2552
300    ^a318 หน้า
710 1  ^aยาใจ
945    ^p220^l0^i17725
995    ^aกัณชพร
999    ^aใช้งานได้ทุกระบบ
รายการนี้ยังไม่มีแท็ก
คุณยังไม่ได้ล็อกอิน คุณสามารถมีกิจกรรมร่วมกับเว็บไซต์ได้ แต่ต้องล็อกอินก่อน ::
  ล็อกอิน

รายการสื่อสารสนเทศ

ลำดับที่ ประเภท เลขเรียก/บาร์โค้ด สถานที่ สถานะ
1. นวนิยาย
นวนิยาย
นว. ย236ส 2552  
  Barcode: 17725
ห้องสมุดวิทยาเขตสวรรค์ประชารักษ์
►นวนิยาย
บนชั้น
  ขอยืม

รายการใกล้เคียง
    ผู้แต่ง [ยาใจ]

BibComment


ยังไม่เคยถูกคอมเมนท์

คอมเมนท์ทรัพยากรรายการนี้
  คอมเมนท์: สื่อรักมัดหัวใจ ..


 Copyright 2026. Bcnsprnw @Library